All SMO Bosses - Statistics

General Stats
  • This quiz has been taken 5 times
  • The average score is 17 of 36
Answer Stats
Kingdom Boss % Correct
Cap Kingdom Topper
100%
Bowser's Kingdom Topper
100%
Dark Side Topper
100%
Cloud Kingdom Bowser
80%
Moon Kingdom Bowser
80%
Wooded Kingdom Spewart
80%
Luncheon Kingdom Spewart
80%
Dark Side Spewart
80%
Sand Kingdom Hariet
60%
Bowser's Kingdom Hariet
60%
Dark Side Hariet
60%
Lost Kingdom Klepto
60%
Cascade Kingdom Madame Broode
60%
Moon Kingdom Madame Broode
60%
Lake Kingdom Rango
60%
Snow Kingdom Rango
60%
Dark Side Rango
60%
Bowser's Kingdom RoboBrood / Mecha Broodal
60%
Dark Side RoboBrood /Mecha Broodal
60%
Ruined Kingdom Lord of Lightning /Ruined Dragon
40%
Mushroom Kingdom Lord of Lightning / Ruined Dragon
40%
Metro Kingdom Mecha Wiggler
40%
Mushroom Kingdom Mecha Wiggler
40%
Wooded Kingdom Torkdrift
40%
Mushroom Kingdom Torkdrift
40%
Luncheon Kingdom Cookatiel
20%
Mushroom Kingdom Cookatiel
20%
Metro Kingdom Donkey Kong
20%
Sand Kingdom Knuckelotec
20%
Mushroom Kingdom Knuckelotec
20%
Seaside Kingdom Mollusque-Lanceur
20%
Mushroom Kingdom Mollusque-Lanceur
20%
Wooded Kingdom Big Piranha Plant
0%
Metro Kingdom Big Piranha Plants
0%
Snow Kingdom Spinies
0%
Bowser's Kingdom Stairface Ogre
0%
No matching quizzes found
Score Distribution
Percent of People with Each Score
Percentile by Number Answered
Your Score History
You have not taken this quiz